| 000 | 01166cam a2200337 a 4500 | ||
|---|---|---|---|
| 999 |
_c7480 _d7480 |
||
| 001 | 991050280259706706 | ||
| 003 | OSt | ||
| 005 | 20211201142219.0 | ||
| 008 | 990520s1998 sp a || 001 h|spa | ||
| 017 | _aDL M. 39764-1998 | ||
| 020 | _a8441404631 | ||
| 035 | _a(ES-BaCBU)b23238173-34csuc_network | ||
| 035 | _a(ES-BaCBU).b23238173 | ||
| 035 | _a(ccuc001)b23238173 | ||
| 040 |
_aES-BaBC _bcat _cCDMR |
||
| 080 | _a860-7"19"(082.2) | ||
| 245 | 0 | 3 |
_aLa Codorniz : _bantología, 1941-1978 / _cprólogo: Antonio Mingote ; epílogo: Chumy Chúmez ; edición y estudio de Melquíades Prieto y Julián Moreiro |
| 250 | _a2a ed. | ||
| 260 |
_aMadrid : _bEdaf, _c1998 |
||
| 300 |
_a253 p. : _bil. ; _c33 cm |
||
| 630 | 0 |
_aLa Codorniz (Revista) _94750 |
|
| 650 | 7 |
_aHumorisme gràfic _zEspanya _xHistòria |
|
| 700 | 1 | _aPrieto Santiago, Melquíades, | |
| 700 | 1 | _aMoreiro Prieto, Julián, | |
| 700 |
_aMingote, Antonio _94751 |
||
| 700 | 1 |
_aChumez, Chumy _92681 |
|
| 907 |
_a.b23238173 _b22-06-21 _c07-05-08 _d07-05-08 _em _fa _g- _hspa _isp _j3 _k2 |
||
| 908 |
_aBMVB _aBC _aUPF _aUJI _aUB _aUAB _aBPEB _aURL _aMNAC _aURV _aMACBA _aBMON |
||
| 940 | _aBC | ||
| 942 |
_2udc _cMON |
||